000 00375nam a2200169Ia 4500
005 20251020182617.0
008 200515s9999 xx 000 0 und d
082 _aSC/694.5/H56/2
110 _aMinisterio de Trabajo
245 0 _aCarpintería: Mesa tipo
260 _aLima
260 _c1976
300 _a179
650 _aCARPINTERIA
650 _aMESA
942 _cLIB
999 _c3523
_d3523